000 004530000a22001330004500
090 _aAs
_bSeriadas
245 1 0 _aFauna asociada con los nidos de las abejas carpinteras Xylocopa spp. (Hymenoptera: Anthophoridae)
041 0 _aEspañol
700 1 _aVargas G., Hector A.
_9100103
700 1 _aFernández, Fernando
_91456
100 1 _aCaicedo R., Guadalupe
_9100104
942 _cARTICULO
773 1 _tRevista Colombiana de Entomología
_h2
_q83-86
_d1995
_g21
999 _c15869
_d15869